In the Malay World: A Spatial History of a Bengali Transnational Community

Մատենագիտական մանրամասներ
Հիմնական հեղինակ: Gazi Mizanur Rahman
Ձևաչափ: Անհայտ
LEADER 00238 a2200085 4500
020 |a 9781009446099 
100 |a Gazi Mizanur Rahman  |9 59544 
245 |a In the Malay World: A Spatial History of a Bengali Transnational Community 
942 |c BK 
999 |c 47601  |d 47601